ON RARE AND SCATTERED METALS (Record no. 371920)

MARC details
000 -LEADER
fixed length control field 00412nam a2200157Ia 4500
008 - FIXED-LENGTH DATA ELEMENTS--GENERAL INFORMATION
fixed length control field 100122s9999 xx 000 0 und d
082 ## - DEWEY DECIMAL CLASSIFICATION NUMBER
Item number 38246
Classification number 823.08.5
100 ## - MAIN ENTRY--PERSONAL NAME
Personal name VENETSKY S I
245 ## - TITLE STATEMENT
Title ON RARE AND SCATTERED METALS
260 ## - PUBLICATION, DISTRIBUTION, ETC. (IMPRINT)
Name of publisher, distributor, etc MIR PUBLISHERS
Date of publication, distribution, etc 1983
300 ## - PHYSICAL DESCRIPTION
Extent 151
630 ## - SUBJECT ADDED ENTRY--UNIFORM TITLE
Uniform title ON RARE AND SCATTERED METALS
700 ## - ADDED ENTRY--PERSONAL NAME
Personal name KITTELL N G
730 ## - ADDED ENTRY--UNIFORM TITLE
Uniform title ON RARE AND SCATTERED METALS
942 ## - ADDED ENTRY ELEMENTS (KOHA)
Koha item type Book
Holdings
Withdrawn status Lost status Damaged status Not for loan Home library Current library Date acquired Cost, normal purchase price Total Checkouts Full call number Barcode Date last seen Cost, replacement price Price effective from Koha item type Public note
        S.V. Pathak Library, Vile Parle S.V. Pathak Library, Vile Parle 02/04/1986 0.00   38246 SVPPARLE-38246 01/25/2010 0.00 01/25/2010 Book ", , General, NA"